000 00641nam a22002057a 4500
999 _c7156
_d7156
003 AR-CdUCM
008 190320b ||||| |||| 00| 0 spa d
040 _aMUNICIPALIDAD PROVINCIAL DEL CUSCO
_cBIBLIOTECA MUNICIPAL DEL CUSCO
082 _a869.56 /
_bD48
100 _aDelgado Espinoza, Rosa América
_c(Rade)
_920180
245 _aEstación del amor /
260 _aLima :
_b"QOLCANT",
_c1988.
300 _a46 páginas ;
_c19.5 cm.
650 _aPoesía peruana
_9806
650 _aPoetisas peruanas
_914359
650 _aPoesía - Siglo XX - Perú
_920181
650 _aRade - Poemas
_920182
942 _2ddc
_cLIBROS
945 _alccs